00306cam a22001217a 4500008004000000020001500040082001500055100001600070245004500086260002400131300001000155650001900165180718b1995 xxu||||| |||| 00| 0 eng d a8122003974 aN4x54 V869 aVohra, B.L. aDon't laugh we are policecby B.L. Vohra aDelhibKonarkc1995 a157p. aPolice - India